000 00202nam a22001097a 4500
040 _cSY
082 _a343
100 _aCHIP BUNTHAVIN
245 _aForestry law
260 _aRUA
_bCHI
_c2008
942 _cKB
999 _c8967
_d8967